Robert Lewandowski - Statistiques

Statistiques générales
  • Ce quiz a été pris 35 fois
  • Le résultat moyen est 7 sur 20
Statistiques - réponses
Question Réponse % Correct
Dans quel club espagnol joue-t-il depuis 2022 ? Barcelone
94%
En 2020, Lewandowski a remporté le triplé Bundesliga, Coupe d’Allemagne et Ligue des Champions. Qui était l’entraîneur du Bayern ? Hansi Flick
79%
Contre quel club Lewandowski a-t-il marqué 4 buts en demi-finale aller de Ligue des Champions 2013 ? Real Madrid
79%
Lors de la saison record 2020–2021, combien de buts a-t-il marqués en Bundesliga ? 41
68%
Quelle équipe polonaise a été son premier club professionnel en première division ? Lech Poznań
59%
Quel trophée individuel Lewandowski a-t-il remporté en 2020 ? The Best – Joueur FIFA
50%
Combien de Bundesliga Lewandowski a-t-il gagnées avec le Bayern Munich ? 8
47%
Combien de fois a-t-il terminé meilleur buteur de Bundesliga ? 8
41%
De quel sport est ceinture noire sa femme Anna ? Karaté
35%
Quel est le prénom de sa fille née en 2017 ? Klara
35%
À quel âge a-t-il rejoint le Borussia Dortmund ? 22 ans
26%
Combien de fois a-t-il disputé l’Euro avec la Pologne ? 4
26%
Contre qui Lewandowski a-t-il marqué son premier but en Bundesliga ? Schalke 04
24%
Dans quel district de Varsovie est-il né ? Żoliborz
21%
Combien de Supercoupes d’Allemagne a-t-il remportées avec le Bayern ? 5
18%
Combien de buts a-t-il marqués en Ligue des Champions lors de la saison 2019–2020 ? 13
12%
Quelle est la première équipe professionnelle où il a marqué plus de 20 buts en championnat ? Znicz Pruszków
12%
Avant la Bundesliga, combien de fois Lewandowski avait-il été meilleur buteur en Pologne ? 3 fois
9%
Quel numéro portait-il lors de ses débuts au Borussia Dortmund ? 7
6%
Combien de buts a-t-il inscrits en Bundesliga lors de la saison 2015-2016 ? 30
3%
Aucun quiz correspondant
Distribution des résultats
% des personnes avec chaque résultat
Percentile par nombre de réponses
Votre historique - résultats
Vous n’avez pas pris ce quiz